000
00329nam a2200133Ia 4500
005
20251222141827.0
008
251222s9999||||xx |||||||||||||| ||spa||
020
_a
9788570601995
082
_a
704.948.91/G76
245
0
_a
Arte Sacra GĂȘnese da Fe no Novo Mundo:
250
_a
1ra.ed.
264
_b
Imprensa Oficial
942
_c
LIB
999
_c
6990
_d
6990